Manufacturing management: Logistics, materials inventory (Record no. 39224)

MARC details
000 -LEADER
fixed length control field 00334nam a2200121Ia 4500
082 ## - DEWEY DECIMAL CLASSIFICATION NUMBER
Classification number 658.27
Item number MAN
245 #0 - TITLE STATEMENT
Title Manufacturing management: Logistics, materials inventory
260 ## - PUBLICATION, DISTRIBUTION, ETC. (IMPRINT)
Place of publication USA
Name of publisher Harward College
Year of publication 1964
650 ## - SUBJECT ADDED ENTRY--TOPICAL TERM
Topical Term Logistics
650 ## - SUBJECT ADDED ENTRY--TOPICAL TERM
Topical Term Materials management
942 ## - ADDED ENTRY ELEMENTS (KOHA)
Koha item type Books
Holdings
Withdrawn status Lost status Damaged status Not for loan Home library Current library Date acquired Full call number Accession Number Koha item type
        RRII Library RRII Library 16/12/2021 658.27 MAN 19568 Books